Sistemy upravlenija bazami dannych dlja ES EVM spravočnik

Salvato in:
Dettagli Bibliografici
Natura: Libro
Lingua:russo
Pubblicazione: Moskva Finansy i statistika 1984
Tags: Aggiungi Tag
Nessun Tag, puoi essere il primo ad aggiungerne!!

MARC

LEADER 00000nam a2200000 4500
001 c107660
005 20250114075307.9
041 0 |a rus 
044 |a RU 
245 1 0 |a Sistemy upravlenija bazami dannych dlja ES EVM  |b spravočnik  |c Red. V.M. Savikov 
264 1 |a Moskva  |b Finansy i statistika  |c 1984 
300 |a 222 s.